| 000 | 00743nac a22001931u 4500 | ||
|---|---|---|---|
| 010 | _a 00037229 | ||
| 020 | _a0139732233 (pbk.) | ||
| 082 | 0 | 0 |
_a658.707 _bA752 |
| 090 |
_c4335 _d4335 |
||
| 100 | _aArnold, J. R. Tony, | ||
| 245 | 1 | 0 |
_aIntroduction to materials management casebook / _cJ.R. Tony Arnold, Stephen N. Chapman, Lloyd M. Clive. |
| 260 |
_aUpper Saddle River, N.J. : _bPrentice Hall, _c2001. |
||
| 300 |
_avi, 138 p. : _bill. ; _c23 cm. |
||
| 650 | 0 |
_aMaterials management _vCase studies. |
|
| 700 | 1 | _aChapman, Stephen N. | |
| 700 | 1 | _aClive, Lloyd M. | |
| 942 |
_cBB _k658.707A752 |
||
| 999 |
_c4335 _d4335 |
||